| 000 | 00808nas a2200253 4500 | ||
|---|---|---|---|
| 001 | BR0600426 | ||
| 003 | BR-BrBNA | ||
| 005 | 20231205105805.0 | ||
| 007 | ta | ||
| 008 | 230509b bl.|||p| |||| 00| 00por d | ||
| 040 |
_aBR-BrBNA _bpor _cBiblioteca Nacional de Agricultura |
||
| 041 | _a(Pt) | ||
| 072 | _aS01; S40 | ||
| 100 | 1 | _aCaroba, D.C.R. | |
| 100 | 1 | _aSilva, M.V. da | |
| 245 | 1 | _aConsumo alimentar de adolescentes matriculados na rede pública de ensino de Piracicaba, SP | |
| 650 | _aCONSUMO ALIMENTAR | ||
| 650 | _aHÁBITO ALIMENTAR | ||
| 650 | _aPROGRAMA DE NUTRIÇÃO | ||
| 650 | _aMODELO MATEMÁTICO | ||
| 773 | 0 |
_tSegurança Alimentar e Nutricional (Brazil) _xISSN 1808-8023 _g(2005), v. 12(1) p. 55-66 _wBR0600426 |
|
| 909 |
_a202311 _bLúcia _c55 _dLúcia Elande |
||
| 942 |
_2AGRIS _n0 _cANA |
||
| 999 |
_c184691 _d184691 |
||